Statistiken für Top 15 Länder mit Covid-19-Todesfällen - 22. Mai

Klicken Sie hier um das Quiz zu spielen!

Allgemein

  • Dieses Quiz wurde 10 mal gespielt
  • Das Durchschnittsergebnis liegt bei 16 aus 21

Antwortstatistiken

Land% Korrekt
China
100%
Frankreich
100%
Italien
100%
Spanien
100%
Vereinigtes Königreich
100%
Vereinigte Staaten
100%
Brasilien
89%
Deutschland
89%
Kanada
78%
Mexiko
78%
Schweden
78%
Schweden
78%
Türkei
78%
Niederlande
67%
Belgien
56%
Iran
56%
Peru
56%
Portugal
56%
Schweiz
56%
Ecuador
44%
Irland
22%

Verteilung der Resultate

Perzentil nach korrekt beantworteten Fragen

Anzahl Personen mit jedem Resultat

Ihre Resultats-Entwicklung

Sie haben dieses Quiz noch nicht gespielt